000 00629nam a22002177a 4500
005 20220930134615.0
008 220930b ||||| |||| 00| 0 eng d
040 _cAL
041 _aEnglish
082 _223
_a331.88097
_bGOLA
100 _a Arthur J Goldberg
_958874
245 _aAFL CIO: Labor United
260 _a New York
_b McGraw Hill Book Company
_c1956
300 _axiii,319 p.
_c21x14 cm.
440 _aMcGraw-Hill Labor Management Series
_958875
650 _aLabor unions
_958876
650 _a AFL-CIO
_958877
650 _a United States
_958878
700 _aGOLDBERG (Arthur J)
_958879
942 _2ddc
_cGF
999 _c224707
_d224707